| 000 | 00486nam a2200181Ia 4500 | ||
|---|---|---|---|
| 001 | 19618 | ||
| 005 | 20260306172706.0 | ||
| 008 | 260306t2019||||xx |||||||||||||| ||spa|| | ||
| 041 | _aESP | ||
| 082 |
_a340.7 _bC75 Nº 40 |
||
| 100 |
_aBoyer Carrera, Janeyri _eAUT |
||
| 245 | 0 |
_aEl derecho de la función pública y el servicio civil: _bnociones fundamentales |
|
| 260 | _c2019 | ||
| 300 |
_a185 páginas : _c20 cm. |
||
| 650 | _aGEN | ||
| 654 | _aCDE | ||
| 942 |
_cLIB _dJUS _fJUS _2ddc _n |
||
| 999 |
_c19618 _d19618 |
||